000 00301nam a2200121 a 4500
005 20140414131914.0
008 100902s19uu xx 00 eng d
050 _aFIC
_bK28 2004
100 _aBenton, Jim
245 _aDear dumb diary.
260 _aNew York :
_bScholastic ,
_c2004.
999 _c111392
_d111392